000 02049cam a22002414a 4500
001 16297440
005 20170420111248.0
008 100622s2011 cau 001 0 eng
020 _a9780470903001 (pbk.)
020 _a0470903007 (pbk.)
040 _cPK-LaUMT
082 0 0 _a378.101
_222
_bBUL-A
100 1 _aBuller, Jeffrey L.
245 1 0 _aAcademic leadership day by day :
_bsmall steps that lead to great success /
_cJeffrey L. Buller
260 _aSan Francisco, CA :
_bJossey-Bass,
_c2011
300 _axix, 309 p. ;
_c22 cm.
500 _aIncludes index.
520 _a"It can seem at times as though all of academic administration today is focused only on the need for continual change and the endless pursuit of "the big idea." But most academic leaders, from department chairs and program directors through university presidents and chancellors, are far too busy helping their institutions flourish for them to divert critical energy and resources to yet another untried theory or management principle. Academic Leadership Day by Day takes an entirely different approach to developing your proven academic leadership: It introduces one practical and field-tested idea each day for an entire academic year. Rather than requiring you to devote days or even weeks to administrative training (which may prove to be of little use in he end), this manual gives you non-nonsense suggestions that you can consider on even your busiest days. Experiment with the suggestions made each day, discover what works for you, and then build on your successes for the benefit of your institution and its programs. Significant improvements often result from small, gradual, and consistent efforts, and Academic Leadership Day by Day is your guide to becoming a more accomplished, confident academic leader a few minutes at a time."--
650 0 _aEducational leadership
_zUnited States.
650 0 _aEducation, Higher
_xEffect of technological innovations on
_zUnited States.
650 0 _aCollege administrators
_zUnited States.
942 _cBK
999 _c92772
_d92772